LEADER 01003nam0-22003371i-450- 001 990000039140403321 035 $a000003914 035 $aFED01000003914 035 $a(Aleph)000003914FED01 035 $a000003914 100 $a20011111d--------km-y0itay50------ba 101 0 $aita 105 $ay-------001yy 200 1 $aPiles primaires et accumulateurs$fpar Charles Fery , Charles Cheneveau , Gaston Paillard. 210 $aParis$cLibrairie J. B. Bailliere et fils$d1925 215 $a684 p.$cill.$d23 cm 225 1 $aEncyclopédie d'électricité industrielle 610 0 $aPile elettriche 610 0 $aAccumulatori elettrici 676 $a621.35 700 1$aFery,$bCharles$02925 702 1$aChenevau,$bCharles 702 1$aPaillard,$bGaston 801 0$aIT$bUNINA$gRICA$2UNIMARC 901 $aBK 912 $a990000039140403321 952 $a13 L 11 28$b6087$fFINBC 959 $aFINBC 996 $aPiles primaires et accumulateurs$9106303 997 $aUNINA DB $aING01 LEADER 01383nam 2200349Ia 450 001 996397702303316 005 20210104171838.0 035 $a(CKB)4940000000064164 035 $a(EEBO)2240928281 035 $a(OCoLC)ocn953793223e 035 $a(OCoLC)953793223 035 $a(EXLCZ)994940000000064164 100 $a20160720d1614 uy 0 101 0 $aeng 135 $aurbn||||a|bb| 200 10$aBy the King$b[electronic resource] $ea proclamation containing His Maiesties royall pleasure, for the warrant and continuance of the patent, and former proclamation concerning farthing tokens 210 $aImprinted at London $cBy Robert Barker, printer to the Kings Most Excellent Maiestie$danno Dom. 1614 215 $a2 sheets (versos blank) 300 $aCaption title. 300 $aAnother printing, with title reset, of: By the King. A proclamation for the continuance of His Maiesties farthing tokens. 300 $aReproduction of original in: Great Britain. Public Record Office. 330 $aeebo-0214 606 $aCoinage$xLaw and legislation$zEngland$vEarly works to 1800 615 0$aCoinage$xLaw and legislation 701 $aJames$cKing of England,$f1566-1625.$01001019 702 $aBarker$b Robert$f-1645, 801 0$bUMI 801 1$bUMI 906 $aBOOK 912 $a996397702303316 996 $aBy the King$92299281 997 $aUNISA